Signs of the Other Despite Their Removal in the World Today: Reading Emmanuel Levinas
| Main Author: | |
|---|---|
| Format: | Print Article |
| Language: | English |
| Check availability: | HBZ Gateway |
| Interlibrary Loan: | Interlibrary Loan for the Fachinformationsdienste (Specialized Information Services in Germany) |
| Published: |
2020
|
| In: |
Listening
Year: 2020, Volume: 55, Issue: 2, Pages: 67-76 |
| RelBib Classification: | NBE Anthropology NCA Ethics TK Recent history VA Philosophy |
| Further subjects: | B
TOTALITY & Infinity (Book : Levinas)
B LEVINAS, Emmanuel, 1906-1995 |
MARC
| LEADER | 00000caa a22000002c 4500 | ||
|---|---|---|---|
| 001 | 1761625764 | ||
| 003 | DE-627 | ||
| 005 | 20220118150603.0 | ||
| 007 | tu | ||
| 008 | 210630s2020 xx ||||| 00| ||eng c | ||
| 035 | |a (DE-627)1761625764 | ||
| 035 | |a (DE-599)KXP1761625764 | ||
| 040 | |a DE-627 |b ger |c DE-627 |e rda | ||
| 041 | |a eng | ||
| 084 | |a 1 |a 0 |2 ssgn | ||
| 100 | 1 | |e VerfasserIn |0 (DE-588)131966189 |0 (DE-627)516323040 |0 (DE-576)285257293 |4 aut |a Ponzio, Augusto |d 1942- | |
| 109 | |a Ponzio, Augusto 1942- |a Ponzio, A. 1942- | ||
| 245 | 1 | 0 | |a Signs of the Other Despite Their Removal in the World Today |b Reading Emmanuel Levinas |
| 264 | 1 | |c 2020 | |
| 336 | |a Text |b txt |2 rdacontent | ||
| 337 | |a ohne Hilfsmittel zu benutzen |b n |2 rdamedia | ||
| 338 | |a Band |b nc |2 rdacarrier | ||
| 601 | |a Emmanuel, S. J. | ||
| 650 | 4 | |a LEVINAS, Emmanuel, 1906-1995 | |
| 650 | 4 | |a TOTALITY & Infinity (Book : Levinas) | |
| 652 | |a NBE:NCA:TK:VA | ||
| 773 | 0 | 8 | |i Enthalten in |t Listening |d Pittsburgh, Pa. : Univ., 1965 |g 55(2020), 2, Seite 67-76 |w (DE-627)166759384 |w (DE-600)302322-9 |w (DE-576)015196593 |x 0024-4414 |7 nnas |
| 773 | 1 | 8 | |g volume:55 |g year:2020 |g number:2 |g pages:67-76 |
| 951 | |a AR | ||
| ELC | |b 1 | ||
| ITA | |a 1 |t 1 | ||
| LOK | |0 000 xxxxxcx a22 zn 4500 | ||
| LOK | |0 001 3942648326 | ||
| LOK | |0 003 DE-627 | ||
| LOK | |0 004 1761625764 | ||
| LOK | |0 005 20220118150603 | ||
| LOK | |0 008 210630||||||||||||||||ger||||||| | ||
| LOK | |0 040 |a DE-Tue135 |c DE-627 |d DE-Tue135 | ||
| LOK | |0 092 |o n | ||
| LOK | |0 852 |a DE-Tue135 | ||
| LOK | |0 852 1 |9 00 | ||
| LOK | |0 935 |a ixzs |a ixzo | ||
| LOK | |0 936ln |0 1442053844 |a VA | ||
| LOK | |0 936ln |0 144205168X |a NBE | ||
| LOK | |0 936ln |0 1442052465 |a NCA | ||
| LOK | |0 936ln |0 1442053887 |a TK | ||
| LOK | |0 939 |a 30-06-21 |b l01 | ||
| ORI | |a SA-MARC-ixtheoa001.raw | ||
| REL | |a 1 | ||
| SUB | |a REL | ||



